000 00632nam a22001937a 4500
005 20251108165421.0
008 250721s1969 xx 000 0 ara d
082 1 4 _aم/937/جيب
100 1 _aجيبون، إدوارد
245 1 0 _aإضمحلال الإمبراطورية الرومانية و سقوطها /
264 1 _aالقاهرة :
_bدار الكاتب العربي للطباعة و النشر،
_c1969.
300 _a
650 1 7 _aروما
650 1 7 _aالتاريخ
650 1 7 _aالإمبراطورية
700 1 _aأبو دره، محمد علي
_eترجمة
942 _2ddc
_cREF
999 _c27421
_d27421